| 000 | 00425nam a22001697a 4500 | ||
|---|---|---|---|
| 005 | 20180717163052.0 | ||
| 008 | 160701b xxu||||| |||| 00| 0 eng d | ||
| 020 | _a978-93-5014-305-6 | ||
| 041 | _aeng | ||
| 082 |
_b18859 _a621.3 |
||
| 100 |
_aSingh, Surjit _94325 |
||
| 245 | _aElectrical Engineering drawing | ||
| 260 |
_bS.K. Kataria & Sons _c2012 |
||
| 300 | _a208p, | ||
| 650 |
_aDiploma Engineering _9817 |
||
| 942 | _cBK | ||
| 999 |
_c5106 _d5104 |
||